[Event "Leamington Spa 4NCL op-C 28th"]
[Site "Leamington Spa"]
[Date "2022.07.09"]
[Round "3"]
[White "Gomez, Mario"]
[Black "McWilliams, Mark D"]
[Result "0-1"]
[WhiteElo "1315"]
[BlackElo "1494"]
[PlyCount "46"]
[EventDate "2022.07.08"]
[EventType "swiss"]
[EventRounds "5"]
[EventCountry "ENG"]
[SourceTitle "CBM 209 Extra"]
[Source "ChessBase"]
[SourceDate "2022.09.30"]
[SourceVersion "1"]
[SourceVersionDate "2022.09.30"]
[SourceQuality "1"]

1. e4 e6 2. Nf3 d5 3. exd5 exd5 4. d4 Bd6 5. Be2 Ne7 6. 0-0 0-0 7. Bg5 f6 8. Bh4 Nf5 9. c4 Nxh4 10. Nxh4 c6 11. c5 Bc7 12. b4 f5 13. Nf3 Nd7 14. Nc3 Nf6 15. Nd2 Ne4 16. Ndxe4 fxe4 17. a4 Rf6 18. f3 e3 19. Qd3 Bxh2+ 20. Kh1 Rh6 21. g3 Bxg3+ 22. Kg2 Bh3+ 23. Kxg3 Qg5+ 0-1